20 Länder Europas nach Umriss - Statistiken

Allgemein
  • Dieses Quiz wurde 67 mal gespielt
  • Das Durchschnittsergebnis liegt bei 19 aus 20
Antwortstatistiken
Bildquiz Antwort % Korrekt
Bosnien und Herzegowina
100%
Deutschland
100%
Finnland
100%
Frankreich
100%
Irland
100%
Kosovo
100%
Malta
100%
Niederlande
100%
Österreich
100%
Schweden
100%
Schweiz
100%
Slowakei
100%
Ukraine
100%
Vatikanstadt
100%
Vereinigtes Königreich
100%
Estland
97%
Griechenland
97%
Italien
97%
Lettland
97%
Nordmazedonien
97%
Spanien
97%
Albanien
96%
Island
96%
Monaco
96%
Portugal
96%
Rumänien
96%
Russland
96%
Serbien
96%
Ungarn
96%
Slowenien
95%
Belgien
94%
Dänemark
94%
Polen
94%
Kroatien
93%
Luxemburg
93%
Montenegro
92%
San Marino
91%
Tschechien
91%
Norwegen
90%
Andorra
88%
Belarus
88%
Bulgarien
88%
Liechtenstein
87%
Litauen
87%
Moldau
66%
Keine übereinstimmenden Quizze gefunden
Verteilung der Resultate
Anzahl Personen mit jedem Resultat
Perzentil nach korrekt beantworteten Fragen
Ihre Resultats-Entwicklung
Sie haben dieses Quiz noch nicht gespielt